000 00304nam a2200109Ia 4500
008 190216s9999||||xx |||||||||||||| ||und||
100 _aSrevastava R M & Divya Nigam
245 0 _aManagement Of Indian Financial Institutions
260 _bHimalaya Publishing House
_c2001
300 _a756p
942 _cBK
999 _c6948
_d6948